Football teams Frank Lampard has played for - Statistics

General Stats
  • This quiz has been taken 63 times
  • The average score is 4 of 5
Answer Stats
Years Team % Correct
2001-2014 Chelsea
100%
2014-2015 Manchester City
88%
1995-2001 West Ham United
81%
2015-2016 New York City
72%
*1995-1996 Swansea City
19%
No matching quizzes found
Score Distribution
Percent of People with Each Score
Percentile by Number Answered
Your Score History
You have not taken this quiz